Návrh možností zapájania stakeholderov do strategického rozhodovania v kontexte s udržateľným spoločensky zodpovedným podnikaním (USZP) vo firme KERKOSAND spol. s r.o.

Gespeichert in:
Bibliographische Detailangaben
1. Verfasser: Slovák, Ondrej, 1990- (Verfasst von)
Weitere Verfasser: Sakál, Peter, 1951- (Betreuung Doktorarbeit)
Format: Manuskript Buch
Sprache:Slowakisch
Veröffentlicht: Trnava : STU v Bratislave MTF, 2014
Schlagworte:
Online-Zugang:VAIS
Tags: Tag hinzufügen
Keine Tags, Fügen Sie das erste Tag hinzu!

MARC

LEADER 00000ntm a22000003a 4500
001 stu293192
005 20150617230317.5
008 140708s2014----xo------------------slo-d
040 |a STU  |b slo 
041 0 |a slo 
044 |a xo 
100 1 |a Slovák, Ondrej,  |d 1990-  |4 aut  |u M  |T MTF Materiálovotechnologická fakulta  |X 6990  |U M  |Y 60  |7 A000006990 
242 0 0 |a Motion possibility of involving stakeholders in strategic decision-making in the context of sustainable corporate social responsibility (USZP) in company Kerkosand spol. s r.o.  |y eng 
245 1 |a Návrh možností zapájania stakeholderov do strategického rozhodovania v kontexte s udržateľným spoločensky zodpovedným podnikaním (USZP) vo firme KERKOSAND spol. s r.o. 
260 |a Trnava :  |b STU v Bratislave MTF,  |c 2014 
650 7 |a priemyselné manažérstvo  |2 stusub 
650 7 |a Industrial Management  |2 estusub 
650 7 |a corporate social responsibility  |2 estusub 
650 7 |a stakeholders  |2 estusub 
650 7 |a spoločensky zodpovedné podnikanie  |2 stusub 
650 7 |a stakeholderi  |2 stusub 
650 7 |a strategické rozhodovanie  |2 stusub 
700 1 |a Sakál, Peter,  |d 1951-  |4 ths  |u M4000  |U MTF Materiálovotechnologická fakulta  |T MTF Ústav priemyselného inžinierstva a manažmentu  |X 325  |U M4000  |Y 84  |7 A000000325 
856 4 |a info a plný text  |u http://is.stuba.sk/zp/portal_zp.pl?podrobnosti=79408  |3 VAIS 
996 |c M* BP-7296  |l MMSKP  |s P  |a 0  |w stu293192_0001